000 01929cam a22004814i 4500
003 PE-LiUPU
005 20250731173425.0
008 150706s2004 flu rb 000 0 spa d
020 _a9780829763249
035 _a(Sirsi) i9780829763249
040 _aPE-LiUPU
_bspa
_cPE-LiUPU
_erda
049 _aPRUA
082 0 4 _a248
_bJ24
_221
100 1 _aJaramillo Cárdenas, Luciano,
_eautor.
245 1 3 _aEl mensaje de los números :
_bdentro y fuera de la Biblia /
_cLuciano Jaramillo Cárdenas.
264 1 _aMiami, Florida :
_bEditorial Vida,
_c2004.
300 _a222 páginas ;
_c21 centímetros
336 _atext
_2rdacontent
337 _aunmediated
_2rdamedia
338 _avolume
_2rdacarrier
504 _aIncluye bibliografícas.
505 0 _aNúmero cero -- Los números fuera de la biblia -- Los números de la biblia -- El uno -- El dos -- El tres -- El cuatro -- El cinco -- El seis -- El siete -- El ocho -- El nueve -- El diez -- El doce -- El cuarenta -- El setenta -- El cien -- El mil -- Otros números -- El mensaje final -- Número en hebreo y griego.
526 _aSEG42
526 _aSEG41
526 _aSEG40
526 _aSEG39
526 _aP94
526 _aP87
526 _aP86
526 _aP85
526 _aP77
526 _aP76
526 _aP35
541 _g001-0000607;
650 0 4 _aSimbolismo de los números.
650 0 4 _aNúmeros en la Biblia.
910 _agl
_bjv
_cng
_d20121025
942 _2ddc
_cBOOK
949 _a248 J24
_wDEWEY
_c1
_i65720
_lCCODEBUL1
_mBUL
_p21.00
_r0
_sY
_tBOOK
_u2015-7-6
_xTEOLOGIA
_PP35
_o.STAFF. Colección General
994 _aC0
_bPEPRU
596 _a1
999 _a248 J24
_wDEWEY
_c54152
_i65720
_d54152
_e2016-4-3
_f2021-11-10
_g5
_lCCODEBUL1
_mBUL
_n2
_p21.00
_q1
_r0
_sY
_tBOOK
_u2015-7-6
_xTEOLOGIA
_PP35
_0COMPRA
_o.STAFF. Colección Teología
980 _81
_gALBERTO SANCHEZ Responsable de Automatización